LEADER 01187nam a2200277 a 4500 001 000000115341 003 CaOOAMICUS 005 20090417181719.0 008 090417s1818 fr u000 u fre r 040 $aPUL$bita$dLDB 100 1 $aMontaigne, Michel de,$d1533-1592.$0(OLS)http://pul/name/18102 245 10$aEssais de Montaigne. 260 $aParis :$bchez Desoer,$c1818. 300 $a4 v. ;$c13 cm 850 $aPUL 852 $aPUL$W1$xDP1 Fondo Fallaci$y66$mA III 3.1$j132084$av. 1$qFondi$B131069$CPULBib$Z2$F131069 $82 852 $aPUL$W1$xDP1 Fondo Fallaci$y66$mA III 3.2$j132085$av. 2$qFondi$B131070$CPULBib$Z2$F131070 $82 852 $aPUL$W1$xDP1 Fondo Fallaci$y66$mA III 3.3$j132086$av. 3$qFondi$B131071$CPULBib$Z2$F131071 $82 852 $aPUL$W1$xDP1 Fondo Fallaci$y66$mA III 3.4$j132087$av. 4$qFondi$B131072$CPULBib$Z2$F131072 $82 941 1 $a1 961 $aEx libris Oriana Fallaci 961 $aEx libris Oriana Fallaci 961 $aEx libris Oriana Fallaci 961 $aEx libris Oriana Fallaci 996 $6245$aEssais de Montaigne$9(OLS)http://pul/title/70078 996 $6260$aParis :$bchez Desoer$9(OLS)http://pul/publisher/80204 LEADER 00706naa a2200145 u 4500 001 000000092836 003 CaOOAMICUS 005 20070226130131.0 008 920103s1955 it abch u000 u ita u 035 $a10185077 040 $aPUL$bita 100 1 $aD'Addio, Mario,$d1923-$0(OLS)http://pul/name/1190 245 10$aFederalista e il superamento del giusnaturalismo politico. 773 0 $aHamilton, Alexander.$tIl Federalista : commento alla Costituzione degli Stati Uniti; raccolta di saggi scritti in difesa della Costituzione degli Stati Uniti d'America approvata il 17 settembre 1787 dalla Convenzione federale$w()7079 996 $6245$aFederalista e il superamento del giusnaturalismo politico$9(OLS)http://pul/title/119737